LEADER 01831nam 2200349 n 450 001 996390907303316 005 20200824121716.0 035 $a(CKB)4940000000107116 035 $a(EEBO)2240870742 035 $a(UnM)99861160e 035 $a(UnM)99861160 035 $a(EXLCZ)994940000000107116 100 $a19920310d1645 uh | 101 0 $aeng 135 $aurbn||||a|bb| 200 10$aTwo ordinances of the Lords and Commons assembled in Parliament$b[electronic resource] $ethe one, giving power to the committee of Goldsmiths Hall to tender the solemne League and Covenant to all persons that come out of the Kings quarters to compound for their delinquency. The other, for the enabling of the commissioners of the great seale, and the other committees in their severall counties, to tender an oath to all such persons, of what degree or quality soever, that shall come into the protection of the Parliament. Together with the said oath to be taken. Ordered by the Lords assembled in Parliament, that these ordinances be forthwith printed and published. Joh. Brown Cler. Parliamentorum 210 $aLondon, $cPrinted for John Wright at the Kings head in the old Bayley.$d4. Novemb. 1645 215 $a[2], 5, [1] p 300 $aThe ordinances are dated 1 November 1645 and 5 April 1645 respectively. 300 $aReproduction of the original in the British Library. 330 $aeebo-0018 606 $aOaths$zEngland$vEarly works to 1800 607 $aGreat Britain$xHistory$yCivil War, 1642-1649$xLaw and legislation$vEarly works to 1800 615 0$aOaths 801 0$bCu-RivES 801 1$bCu-RivES 801 2$bCStRLIN 801 2$bWaOLN 906 $aBOOK 912 $a996390907303316 996 $aTwo ordinances of the Lords and Commons assembled in Parliament$92299709 997 $aUNISA LEADER 01937oam 2200541M 450 001 9910716272803321 005 20200213071028.2 035 $a(CKB)5470000002519395 035 $a(OCoLC)1065744427 035 $a(OCoLC)995470000002519395 035 $a(EXLCZ)995470000002519395 100 $a20071213d1926 ua 0 101 0 $aeng 135 $aurcn||||||||| 181 $ctxt$2rdacontent 182 $cc$2rdamedia 183 $acr$2rdacarrier 200 10$aWashington County, Ohio, S.C. Kile estate, and Malinda Frye estate. May 17 (calendar day, May 19), 1926. -- Ordered to be printed 210 1$a[Washington, D.C.] :$c[U.S. Government Printing Office],$d1926. 215 $a1 online resource (7 pages) $ctables 225 1 $aSenate report / 69th Congress, 1st session. Senate ;$vno. 866 225 1 $a[United States congressional serial set ] ;$v[serial no. 8528] 300 $aBatch processed record: Metadata reviewed, not verified. Some fields updated by batch processes. 300 $aFDLP item number not assigned. 517 $aWashington County, Ohio, S.C. Kile estate, and Malinda Frye estate. May 17 606 $aClaims 606 $aDam failures 606 $aMalicious mischief 606 $aVandalism 606 $aFloods 606 $aLegislative amendments 608 $aLegislative materials.$2lcgft 615 0$aClaims. 615 0$aDam failures. 615 0$aMalicious mischief. 615 0$aVandalism. 615 0$aFloods. 615 0$aLegislative amendments. 701 $aDeneen$b Charles Samuel$f1863-1940$pRepublican (IL)$01386813 801 0$bWYU 801 1$bWYU 801 2$bOCLCO 801 2$bOCLCQ 801 2$bOCLCO 906 $aBOOK 912 $a9910716272803321 996 $aWashington County, Ohio, S.C. Kile estate, and Malinda Frye estate. May 17 (calendar day, May 19), 1926. -- Ordered to be printed$93462887 997 $aUNINA LEADER 04181nam 2200397 450 001 9910795236303321 005 20230814235128.0 010 $a1-63091-527-0 010 $a1-63091-528-9 035 $a(CKB)4340000000207735 035 $a(MiAaPQ)EBC5097114 035 $a(EXLCZ)994340000000207735 100 $a20171108h20182018 uy 0 101 0 $aeng 135 $aurcnu|||||||| 181 $2rdacontent 182 $2rdamedia 183 $2rdacarrier 200 10$aPractical astigmatism $eplanning and analysis /$fNoel Alpins 210 1$aThorofare, New Jersey :$cSLACK Incorporated,$d2018. 210 4$dİ2018 215 $a1 online resource (235 pages) $ccolor illustrations 311 $a1-61711-995-4 320 $aIncludes bibliographical references at the end of each chapters. 330 $a"The surgical correction of astigmatism is the last frontier to optimizing visual outcomes for patients. Practical Astigmatism: Planning and Analysis is a comprehensive guide to correcting astigmatism from pre-operative planning to post-operative analysis. This provides readers with unique insight to what actually happened surgically: did the astigmatism over or under correct? Was it on-axis or off-axis? With this book, ophthalmologists will be able to analyze previous procedures with the appropriate nomograms and more often achieve targeted outcomes. Dr. Noel Alpins has developed the Alpins Method of astigmatism to provide accurate planning and analysis of astigmatism procedures. His method focuses on analyzing refractive and corneal astigmatism parameters and using the results in future surgery to improve visual outcomes. The importance of the ocular residual astigmatism (ORA) is detailed when planning astigmatism surgery.Practical Astigmatism features vector planning for refractive laser surgery as well as planning and analysis applied to cataract and limbal relaxing incisions, in addition to demonstrating graphical analysis of astigmatism using high quality vector and fan diagrams, as used in scientific journals. In addition, hemidivisional analysis of the irregular cornea, corneal coupling in incisional and excimer laser surgery for mixed astigmatism and toric IOL planning with total corneal power using corneal topographic astigmatism (CorT total) are addressed as well.Some Questions Answered Inside:What is the difference between regular and irregular astigmatism?How do I diagnose each, and how does this affect my surgical technique? Can I incorporate corneal astigmatism when performing excimer laser surgery? Why are my LRIs undercorrecting the astigmatism? Is it safe to perform excimer laser on keratoconous patients? Which corneal astigmatism measure do I choose and what do I do following a refractive surprise? Practical Astigmatism: Planning and Analysis will help ophthalmologists, optometrists, and technicians alike address each patient's unique circumstances and act as your in-depth guide to correcting astigmatism. Testimonials... "For more than three decades I have been listening to, arguing with, and admiring the work of Dr. Noel Alpins in the field of astigmatism. Despite his remote location on the small island of Australia, his knowledge of astigmatism is at the peak of Mt. Everest. There are few others who have devoted their careers to understanding and managing astigmatism for which the world of ophthalmology is truly grateful." - Robert H. Osher, MD "Noel is an original thinker who took on and conquered the complexities of astigmatism analysis, publishing the seminal papers on the way. His work has formed the cornerstone from which our current understanding and management of astigmatism has been built. He is someone from whom we have all learnt a great deal and this book is a testament to this." - Dan Z Reinstein, MD MA(Cantab) FRCSC DABO FRCOphth FEBO"--Provided by publisher. 606 $aAstigmatism$xSurgery 615 0$aAstigmatism$xSurgery. 676 $a617.755 700 $aAlpins$b Noel$0785788 801 0$bMiAaPQ 801 1$bMiAaPQ 801 2$bMiAaPQ 906 $aBOOK 912 $a9910795236303321 996 $aPractical astigmatism$91749496 997 $aUNINA